| 000 | 00573nam a2200205Ia 4500 | ||
|---|---|---|---|
| 008 | 230125s9999 xx 000 0 und d | ||
| 020 | _a978-81-8318-140-6 | ||
| 041 | _aeng | ||
| 082 |
_a658.3151 _bMAM/MAM |
||
| 100 |
_aMamoria C B _9109092 |
||
| 245 | _aDynamics of Industrial Relations | ||
| 250 | _a13th ed | ||
| 260 |
_c2010 _bHimalaya Publishing House _aMumbai |
||
| 300 | _a793p | ||
| 500 | _aIndustrial relation | ||
| 650 | _aPersonnel Management | ||
| 700 |
_aMamoria C B; Mamoria S & Gankar S V _9109093 |
||
| 906 | _b98.01 | ||
| 999 |
_c85810 _d85810 |
||